Επιχείρηση και περιβάλλον

Αποθηκεύτηκε σε:
Λεπτομέρειες βιβλιογραφικής εγγραφής
Κύριος συγγραφέας: Ξουρής, Δημήτρης
Μορφή: Βιβλίο
Γλώσσα:Greek
Δημοσίευση: Αθήνα : Gutenberg,
Θέματα:
Ετικέτες: Προσθήκη ετικέτας
Δεν υπάρχουν, Καταχωρήστε ετικέτα πρώτοι!

MARC

LEADER 00000nam a2200000 i 4500
001 1/19225
008 960314s1985 gre d
035 |l 10021196 
040 |a GR-MY-UA  |b gre  |e aacr 
041 0 |a gre 
082 0 |a 658.001 
100 1 |a Ξουρής, Δημήτρης. 
245 1 0 |a Επιχείρηση και περιβάλλον /  |c Δ.Ξουρής 
260 |a Αθήνα :   |b Gutenberg,  
300 |a 255 σ. 
650 0 0 |a Management  |x Philosophy. 
650 0 0 |a Business. 
852 |a INST  |b CHIOS  |e 19960314  |h 658.001 ΞΟΥ  |p 005200004582  |q 005200004582  |t BK  |y 0 
852 |a INST  |b CHIOS  |e 19960314  |h 658.001 ΞΟΥ  |p 005200004583  |q 005200004583  |t BK  |y 0 
852 |a INST  |b CHIOS  |e 19960314  |h 658.001 ΞΟΥ  |p 005200004589  |q 005200004589  |t BK  |y 0 
909 |a Χ  |b 001183 
909 |a Χ  |b 001180 
909 |a Χ  |b 000868